BIBLIOTECA PODER JUDICIAL
Portal Judicial TDF

Un comentario a la sentencia de la Corte Suprema en el caso "C." / (Registro nro. 5503)

000 -LEADER
fixed length control field 01208nab a22002417a 4500
003 - CONTROL NUMBER IDENTIFIER
control field OSt
005 - DATE AND TIME OF LATEST TRANSACTION
control field 20251209144614.0
008 - FIXED-LENGTH DATA ELEMENTS--GENERAL INFORMATION
fixed length control field 190502c xxu||||| |||| 00| 0 spa d
040 ## - CATALOGING SOURCE
Transcribing agency PJ
100 ## - MAIN ENTRY--PERSONAL NAME
9 (RLIN) 4831
Personal name Sandhagen, Alberto
245 10 - TITLE STATEMENT
Title Un comentario a la sentencia de la Corte Suprema en el caso "C." /<br/>
Statement of responsibility, etc Alberto Sandhagen.
260 ## - PUBLICATION, DISTRIBUTION, ETC. (IMPRINT)
Place of publication, distribution, etc Ciudad Autónoma de Buenos Aires :
Name of publisher, distributor, etc Thomson Reuters La Ley,
Date of publication, distribution, etc 2025.
300 ## - PHYSICAL DESCRIPTION
Extent p. 61-74
500 ## - GENERAL NOTE
General note Cita Online: AR/DOC/2136/2025.
505 ## - FORMATTED CONTENTS NOTE
Formatted contents note Sumario: I. Objeto del trabajo.— II. Antecedentes del caso hasta llegar (inclusive) hasta la Corte Suprema.— III. Comentario sobre el caso "C." y la sentencia de la Corte Suprema de Justicia de la Nación.— IV. Reflexiones finales.
505 ## - FORMATTED CONTENTS NOTE
Title Fallo comentado: CS ~ 08/05/2025 ~ C., O. C. s/ recurso extraordinario federal.
505 ## - FORMATTED CONTENTS NOTE
Title ¿Te interesa el texto completo? Solicitalo al correo: koha@justierradelfuego.gov.ar
650 #0 - SUBJECT ADDED ENTRY--TOPICAL TERM
9 (RLIN) 343
Topical term or geographic name as entry element DERECHO PENAL
650 #0 - SUBJECT ADDED ENTRY--TOPICAL TERM
9 (RLIN) 2762
Topical term or geographic name as entry element ACCIDENTE DE TRÁNSITO
650 #0 - SUBJECT ADDED ENTRY--TOPICAL TERM
9 (RLIN) 2943
Topical term or geographic name as entry element HOMICIDIO CULPOSO
773 0# - HOST ITEM ENTRY
Host Biblionumber 2729
Host Itemnumber 3180
Place, publisher, and date of publication Buenos Aires : LexisNexis, 2006-
Title Revista de derecho penal y procesal penal. Nº 10 - Octubre 2025
International Standard Book Number 9875920622
942 ## - ADDED ENTRY ELEMENTS (KOHA)
Source of classification or shelving scheme
Koha item type Analítica Artículo de Revista

No hay ítems disponibles.

12 de Octubre 789 Ushuaia - Tel:  54(02901)441571
Horario de Atención: 8.00 a 17.00 hs. 
bibliotecaush@justierradelfuego.gov.ar
koha@justierradelfuego.gov.ar
Seguinos en nuestras redes @bibliojustdf 

Con tecnología Koha